| 000 | 00646nam a2200205 a 4500 | ||
|---|---|---|---|
| 001 | 000012561 | ||
| 005 | 20240412074233.0 | ||
| 008 | 091113s1986 dr a r 000 j spa d | ||
| 040 |
_aDO-SdBNP _bspa _cBNPHU |
||
| 082 |
_aRD863.44 _bM491c |
||
| 100 | 1 |
_aMedina, Abraham _96361 |
|
| 245 | 1 | 0 |
_aCuentos de la gran sabana / _cAbraham Medina. |
| 260 |
_aSanto Domingo : _bVisión, _c1986. |
||
| 300 |
_a212 p. : _bil. ; _c21 cm. |
||
| 500 | _aIncluye notas al pie de las páginas. | ||
| 590 | _aInventariado, 2020/BT | ||
| 650 | 0 |
_aCuentos dominicanos _9176 |
|
| 650 | 0 |
_aLiteratura dominicana. _967 |
|
| 910 | _aValidado. Control de calidad. MMOLINA | ||
| 999 |
_c12216 _d12216 |
||